Билет на машину времени (Запись № 703145)

Подробности
000 -МАРКЕР
контрольное поле 01676nam1a2200325 i 4500
001 - ИДЕНТИФИКАТОР ЗАПИСИ
контрольное поле RU\NLR\bibl\1034332
005 - ИДЕНТИФИКАТОР ВЕРСИИ
контрольное поле 20260407124806.0
035 ## - ДРУГИЕ СИСТЕМНЫЕ НОМЕРА
Идентификатор записи (NLR Aleph) 001021778
100 ## - ДАННЫЕ ОБЩЕЙ ОБРАБОТКИ
Данные общей обработки 20070122d20059999u y0rusy50 ca
101 0# - ЯЗЫК РЕСУРСА
Язык текста, звукозаписи и т.д. русский
102 ## - СТРАНА ПУБЛИКАЦИИ ИЛИ ПРОИЗВОДСТВА
Страна публикации Российская Федерация
105 ## - ПОЛЕ КОДИРОВАННЫХ ДАННЫХ: ТЕКСТОВЫЕ МАТЕРИАЛЫ, МОНОГРАФИЧЕСКИЕ
Кодированные данные о монографическом текстовом документе ||||z |||||
200 1# - ЗАГЛАВИЕ И СВЕДЕНИЯ ОБ ОТВЕТСТВЕННОСТИ
Основное заглавие Билет на машину времени
Сведения, относящиеся к заглавию беседа о книгах
Первые сведения об ответственности Федер. агентство по культуре и кинематографии, Рос. гос. юнош. б-ка, Отд. по пробл. чтения молодежи
Последующие сведения об ответственности [сост. А.В. Потемкина
-- под ред. Л.В. Зеленина]
210 ## - ПУБЛИКАЦИЯ, РАСПРОСТРАНЕНИЕ И ДР.
Место издания, распространения и т.д. Москва
Имя издателя, распространителя и т. д. Российская государственная юношеская библиотека
Дата издания, распространения и т.д. 2005
215 ## - ФИЗИЧЕСКАЯ ХАРАКТЕРИСТИКА
Размеры 20
463 #0 - УРОВЕНЬ ФИЗИЧЕСКОЙ ЕДИНИЦЫ
Встроенное поле 0011023622
463 #0 - УРОВЕНЬ ФИЗИЧЕСКОЙ ЕДИНИЦЫ
Встроенное поле 0011023624
606 1# - НАИМЕНОВАНИЕ ТЕМЫ КАК ПРЕДМЕТ
Наименование темы Библиотеки
Тематический подзаголовок Обслуживание молодежи
Системный номер авторитетной/нормативной записи 2125779
Идентификатор авторитетной/нормативной записи RU\NLR\auth\661283146
606 1# - НАИМЕНОВАНИЕ ТЕМЫ КАК ПРЕДМЕТ
Наименование темы Книги
Формальный подзаголовок Популярные издания
Системный номер авторитетной/нормативной записи 1150548
Идентификатор авторитетной/нормативной записи RU\NLR\auth\66140949
686 ## - ИНДЕКСЫ ДРУГИХ КЛАССИФИКАЦИЙ
Индекс Ч735.114.5
686 ## - ИНДЕКСЫ ДРУГИХ КЛАССИФИКАЦИЙ
Индекс Ч611я9
702 #1 - ИМЯ ЛИЦА - ВТОРИЧНАЯ ОТВЕТСТВЕННОСТЬ
Код отношения Составитель
Материалы, к которым относится поле rus
Графика поля Кириллица
Начальный элемент ввода Потемкина
Часть имени, кроме начального элемента ввода А. В.
Дополнения к именам, кроме дат библиограф
Идентификатор авторитетной/нормативной записи RU\NLR\AUTH\7747532
Системный номер авторитетной/нормативной записи 30467
702 #1 - ИМЯ ЛИЦА - ВТОРИЧНАЯ ОТВЕТСТВЕННОСТЬ
Код отношения Редактор
Материалы, к которым относится поле rus
Графика поля Кириллица
Начальный элемент ввода Зеленина
Часть имени, кроме начального элемента ввода Л. В.
Дополнения к именам, кроме дат редактор-издатель, литератор
Расширение инициалов личного имени Людмила Владимировна
Идентификатор авторитетной/нормативной записи RU\NLR\auth\7747531
Системный номер авторитетной/нормативной записи 30466
712 02 - НАИМЕНОВАНИЕ ОРГАНИЗАЦИИ - ВТОРИЧНАЯ ОТВЕТСТВЕННОСТЬ
Код отношения Прочие
Начальный элемент ввода Российская государственная юношеская библиотека
Идентификатор авторитетной/нормативной записи RU\NLR\AUTH\889967595
Системный номер авторитетной/нормативной записи 431517
801 #0 - ИСТОЧНИК ЗАПИСИ
Страна Российская Федерация
Организация NLR
Дата составления 20070122
Правила каталогизации RCR
801 #1 - ИСТОЧНИК ЗАПИСИ
Страна Российская Федерация
Организация NLR
Дата составления 20070122
852 ## - МЕСТОНАХОЖДЕНИЕ И ШИФР ХРАНЕНИЯ
Идентификатор организации NLR
Шифр хранения (Call Number) 2006-4/36743
942 ## - ДОПОЛНИТЕЛЬНЫЕ ЭЛЕМЕНТЫ ЗАПИСИ (АБИС)
Тип экземпляра АБИС Книга

Нет доступных экземпляров.